Statistics for Analogies: Washington State

Click here to take the quiz!

General Stats

  • This quiz has been taken 6 times
  • The average score is 12 of 24

Answer Stats

Hint Answer % Correct
Puget is to sound as Columbia is to _____River
100%
Eiffel Tower is to Paris as _____ ______ is to SeattleSpace Needle
80%
Oregon is to south as _____ is to eastIdaho
80%
Cobain is to Nirvana as ______ is to Pearl JamVedder
80%
Jimi Hendrix is to rock as Macklemore is to ___Rap
80%
Husky is to UW as ______ is to WSUCougar
80%
Seahawks are to football as ________ are to SoccerSounders
60%
McKinley is to Alaska as _______ is to WashingtonRainier
60%
Starbucks is to coffee as _________ is to computersMicrosoft
60%
Gum wall is to gum as Pike Place Market is to ____Fish
60%
Sin is to Las Vegas as _______ is to SeattleEmerald
60%
Frasier is to NBC as ______ is to NickelodeoniCarly
60%
Cascades are to mountains as San Juans are to _______Islands
60%
Seattle is to King as Tacoma is to ______Pierce
40%
Seattle is to 1 as _______ is to 2Spokane
40%
Cape Disappointment is to state as Mount Rainier is to ________National
40%
Century Link is to Seahawks as ______ is to MarinersSafeco
40%
Woodland Park is to Seattle as _____ ________ is to TacomaPoint Defiance
40%
Sleepless In Seattle is to Seattle as Twilight is to _____Forks
20%
Eye is to London as _____ _____ is to SeattleGreat Wheel
20%
Way is to Federal as Angeles is to ____Port
20%
Navajo is to Arizona as ______ is to WashingtonYakama
20%
Amazon is to tropical as Hoh is to _________Temperate
20%
Baja California is to California as _______ ________ is to WashingtonBritish Columbia
0%

Score Distribution

Percentile by Number Answered

Percent of People with Each Score

Your Score History

You have not taken this quiz